| 000 | 00761nam a22002297a 4500 | ||
|---|---|---|---|
| 005 | 20120114132736.0 | ||
| 008 | 120114t xxu||||| |||| 00| 0 eng d | ||
| 020 |
_a8187542543 _cRs 360.00 |
||
| 035 | _aB-84047 | ||
| 040 |
_aDPL _bENG |
||
| 082 | _a000 | ||
| 100 |
_aSharma, O.P. _939192 |
||
| 245 |
_aEncylopaedia of Rajasthan general knowledge _cby O.P. Sharma et. al.. |
||
| 260 |
_aJaipur _bPink City Publishers _c2003 |
||
| 300 |
_avarious pages _c22x17 cm |
||
| 700 |
_aSrivastava, R. P. _939193 |
||
| 700 |
_aJain, M.K. _939194 |
||
| 700 |
_aGupta, G.P. _939195 |
||
| 700 |
_aMathur, H.S. _939196 |
||
| 942 |
_2ddc _cEN _h000 _mENC |
||
| 999 |
_c60907 _d60907 |
||